000 00633nam a2200169 a 4500
001 000028227
005 20200930031445.0
008 110407s2012 dr a 000 0 spa d
020 _a9789945164749
040 _aDO-SdBNP
_bspa
_cBNPHU
082 _axxx
_bJ86s
100 1 _aJovine Rijo, Federico Alejandro,
_d1975-
_922609
245 1 0 _aSoñando El Everest :
_bDiario de un dominicano en la primera expedición a la montaña más alta del mundo /
_cFederico A. Jovine Rijo ; prólogo Miguel José Moya.
260 _aSanto Domingo :
_bBúho,
_c2012.
300 _a223 p. :
_bil. ;
_c23 cm.
700 1 _aMoya, Miguel José,
_epról.
_955215
999 _c27719
_d27719